[Event "ch-FRA Blitz Online Qual"]
[Site "Europe-Chess INT"]
[Date "2020.05.16"]
[Round "4"]
[White "Claverie, Christophe"]
[Black "Piorun, Kacper"]
[Result "1/2-1/2"]
[WhiteTitle "IM"]
[BlackTitle "GM"]
[WhiteElo "2304"]
[BlackElo "2601"]
[WhiteFideId "605514"]
[BlackFideId "1130420"]
[EventDate "2020.05.16"]

1. Nf3 Nf6 2. g3 g6 3. Bg2 Bg7 4. O-O O-O 5. c4 d6 6. d4 Ne4 7. Nbd2 Nxd2 8.
Bxd2 e5 9. dxe5 dxe5 10. Bc3 Qe7 11. Qc2 Nc6 12. Rfd1 Re8 13. e3 Be6 14. b3 a5
15. Qb2 f6 16. Nd2 Bf8 17. Bd5 Red8 18. Bxe6+ Qxe6 19. Ne4 Be7 20. Qc2 a4 21.
Rxd8+ Rxd8 22. Rd1 Ra8 23. Rd5 axb3 24. axb3 b6 25. Kg2 f5 26. Nd2 Bb4 27. Nf3
e4 28. Nd4 Nxd4 29. Rxd4 Be7 30. Qd2 Bd6 31. Rd5 Kf7 32. Qd4 Ke7 33. b4 Ke8 34.
c5 bxc5 35. bxc5 Be7 36. Qh8+ Kf7 37. Qxh7+ Ke8 38. Qh8+ Kf7 39. Qg7+ Ke8 40.
Re5 Qf7 41. Qh8+ Qf8 42. Qh7 Qf7 43. Qh8+ Qf8 44. Qh7 Qf7 45. Qh8+ 1/2-1/2

[Event "ch-FRA Blitz Online Qual"]
[Site "Europe-Chess INT"]
[Date "2020.05.16"]
[Round "4"]
[White "Szajbely, Zsigmond"]
[Black "Bailet, Pierre"]
[Result "1/2-1/2"]
[WhiteTitle "FM"]
[BlackTitle "IM"]
[WhiteElo "2260"]
[BlackElo "2500"]
[WhiteFideId "711691"]
[BlackFideId "655830"]
[EventDate "2020.05.16"]

1. e4 e5 2. Nf3 Nc6 3. Bb5 a6 4. Bxc6 dxc6 5. O-O f6 6. d4 exd4 7. Nxd4 c5 8.
Ne2 Qxd1 9. Rxd1 Bd6 10. Bf4 Bxf4 11. Nxf4 Ne7 12. Nc3 Bd7 13. Rd2 O-O-O 14. f3
Ng6 15. Nxg6 hxg6 16. Nd5 Rhe8 17. Rad1 g5 18. h3 a5 19. Ne3 Be6 20. Rxd8+ Rxd8
21. Rxd8+ Kxd8 22. b3 Ke7 23. Kf2 b5 24. Ke2 Kd6 25. Nd1 c4 26. Kd2 Kc5 27. Ne3
cxb3 28. cxb3 Kb4 29. Nc2+ Kc5 30. Kd3 b4 31. Nd4 Bd7 32. Ke3 a4 33. bxa4 Bxa4
34. Ne6+ Kd6 35. Nxg7 Bb5 36. Nf5+ Kc5 37. g3 Bc4 38. h4 gxh4 39. gxh4 Bxa2 40.
Kd2 Bf7 41. Ng3 Kd4 42. h5 Ke5 43. h6 Bg6 44. Nh5 c5 45. Ng7 c4 46. Nf5 c3+ 47.
Kd3 Bh7 48. Ne7 f5 49. Nxf5 Bxf5 50. exf5 Kf6 51. f4 Kf7 52. Kc2 Kf6 53. Kb3 Kf7
54. Kc2 Kf6 55. Kb3 Kf7 56. Kc2 1/2-1/2

[Event "ch-FRA Blitz Online Qual"]
[Site "Europe-Chess INT"]
[Date "2020.05.16"]
[Round "4"]
[White "Milliet, Sophie"]
[Black "Guliyev, Namig"]
[Result "0-1"]
[WhiteTitle "IM"]
[BlackTitle "GM"]
[WhiteElo "2401"]
[BlackElo "2529"]
[WhiteFideId "623725"]
[BlackFideId "13400363"]
[EventDate "2020.05.16"]

1. e4 c5 2. Nf3 d6 3. Bb5+ Bd7 4. Bxd7+ Qxd7 5. c4 Nf6 6. Nc3 g6 7. d4 cxd4 8.
Nxd4 Bg7 9. f3 O-O 10. Be3 Nc6 11. O-O Rfe8 12. Rc1 Rad8 13. Qd2 a6 14. Nxc6
bxc6 15. Rfd1 Qb7 16. Na4 c5 17. b3 Nd7 18. Qd5 Qc7 19. Rc2 Ne5 20. Nc3 Nc6 21.
Qd2 e6 22. Ne2 Bf6 23. Bg5 Bxg5 24. Qxg5 Rd7 25. Rcd2 Kg7 26. h4 f6 27. Qxc5
dxc5 28. Rxd7+ Re7 29. Rxc7 Rxc7 30. Rd6 Kf7 31. Nf4 Nd4 32. Rxa6 g5 33. hxg5
fxg5 34. Nd3 Kf6 35. Ra5 h5 36. Rxc5 Ra7 37. Nb4 Rd7 38. Nc6 Ne2+ 39. Kf2 Nf4
40. a4 Nd3+ 0-1

[Event "ch-FRA Blitz Online Qual"]
[Site "Europe-Chess INT"]
[Date "2020.05.16"]
[Round "4"]
[White "Terrieux, Kevin"]
[Black "Daulyte-Cornette, Deimante"]
[Result "0-1"]
[WhiteTitle "IM"]
[BlackTitle "IM"]
[WhiteElo "2448"]
[BlackElo "2400"]
[WhiteFideId "622591"]
[BlackFideId "12802859"]
[EventDate "2020.05.16"]

1. d4 Nf6 2. Nc3 d5 3. Bf4 e6 4. Nb5 Bb4+ 5. c3 Ba5 6. e3 a6 7. Na3 O-O 8. Nf3
Nbd7 9. Bd3 c5 10. O-O Bc7 11. Ne5 Nxe5 12. Bxe5 Nd7 13. Bxc7 Qxc7 14. f4 f5 15.
Nc2 c4 16. Be2 Nf6 17. Ne1 Bd7 18. Nf3 Be8 19. Ne5 Nd7 20. Nxd7 Qxd7 21. Qd2 Rb8
22. h3 Qe7 23. b4 b5 24. a4 bxa4 25. Bd1 a5 26. bxa5 Rb3 27. Bxb3 cxb3 28. Qd3
Qa7 29. a6 Bc6 30. Rfb1 Rb8 31. c4 Qxa6 32. Rxb3 Rxb3 33. Qxb3 axb3 34. Rxa6
dxc4 35. Rb6 Be4 36. Kf2 Bc2 37. d5 exd5 38. e4 fxe4 39. Ke3 c3 40. Kd4 b2 0-1

[Event "ch-FRA Blitz Online Qual"]
[Site "Europe-Chess INT"]
[Date "2020.05.16"]
[Round "4"]
[White "Batsiashvili, Nino"]
[Black "Riff, Jean-Noel"]
[Result "0-1"]
[WhiteTitle "GM"]
[BlackTitle "GM"]
[WhiteElo "2457"]
[BlackElo "2504"]
[WhiteFideId "13602993"]
[BlackFideId "611190"]
[EventDate "2020.05.16"]

1. d4 Nf6 2. Nf3 e6 3. Bf4 d5 4. e3 Bd6 5. Bg3 O-O 6. Nbd2 c5 7. c3 Qc7 8. dxc5
Qxc5 9. Bd3 Nbd7 10. e4 dxe4 11. Bxe4 Bxg3 12. hxg3 h6 13. Qe2 a5 14. a4 Qb6 15.
Nc4 Qc7 16. O-O Nxe4 17. Qxe4 Nc5 18. Qc2 b6 19. Rfd1 Bb7 20. Nd6 Bd5 21. Nb5
Qb7 22. Qe2 Rad8 23. c4 Bc6 24. Rxd8 Rxd8 25. Rd1 Rxd1+ 26. Qxd1 Bxb5 27. axb5
Qc7 28. Qd4 f6 29. Nd2 Nd7 30. Ne4 Kf8 31. b3 Ke7 32. Qe3 Qe5 33. Qd3 f5 34. Nd2
Nc5 35. Nf3 Nxd3 36. Nxe5 Nxe5 0-1

[Event "ch-FRA Blitz Online Qual"]
[Site "Europe-Chess INT"]
[Date "2020.05.16"]
[Round "4"]
[White "Miralles, Gilles"]
[Black "Le Goff, Ronan"]
[Result "0-1"]
[WhiteTitle "GM"]
[BlackTitle "FM"]
[WhiteElo "2418"]
[BlackElo "2267"]
[WhiteFideId "600059"]
[BlackFideId "612073"]
[EventDate "2020.05.16"]

1. d4 d5 2. c4 e6 3. Nc3 Nf6 4. Bg5 Be7 5. e3 Nbd7 6. Nf3 h6 7. Bh4 O-O 8. Bd3
c5 9. cxd5 Nxd5 10. Bxe7 Nxe7 11. O-O b6 12. Qe2 Bb7 13. Rfd1 Qb8 14. Bb5 Nf6
15. dxc5 bxc5 16. h3 Ned5 17. Na4 Rc8 18. Rac1 Ne4 19. Bd3 Ndf6 20. Bb1 Bd5 21.
b3 Qb4 22. Ne5 Rab8 23. Nd3 Qb5 24. f3 c4 25. b4 cxd3 26. Bxd3 Qxa4 27. fxe4
Bxe4 28. Rxc8+ Rxc8 29. Bxe4 Nxe4 30. Rd4 Nf6 31. b5 Qa5 32. Qb2 Qe1+ 33. Kh2
Qxe3 34. a4 Qe5+ 35. g3 Qf5 36. a5 Rc2+ 37. Rd2 Rxb2 38. Rxb2 Nd5 39. b6 axb6
40. axb6 Nxb6 41. Rxb6 Qf2+ 0-1

[Event "ch-FRA Blitz Online Qual"]
[Site "Europe-Chess INT"]
[Date "2020.05.16"]
[Round "4"]
[White "Shchekachev, Andrei"]
[Black "Guezennec, Franck"]
[Result "1/2-1/2"]
[WhiteTitle "GM"]
[WhiteElo "2533"]
[BlackElo "2272"]
[WhiteFideId "4107730"]
[BlackFideId "633550"]
[EventDate "2020.05.16"]

1. Nf3 g6 2. e4 Bg7 3. d4 c6 4. Nc3 d5 5. h3 dxe4 6. Nxe4 Nd7 7. Bc4 Ngf6 8.
Nxf6+ Nxf6 9. O-O O-O 10. c3 Bf5 11. Re1 b5 12. Bb3 a5 13. a4 Be4 14. Ne5 Bd5
15. Bg5 h6 16. Bh4 e6 17. Bc2 Qc7 18. b3 c5 19. axb5 cxd4 20. c4 Bb7 21. Qxd4
Nh5 22. Qe3 g5 23. Bxg5 hxg5 24. Qxg5 Nf6 25. Re3 Rfd8 26. Rg3 Ne8 27. Qh5 f5
28. Re1 Rd2 29. Bxf5 exf5 30. Qxf5 Rad8 31. Ng6 Rd1 32. Qe6+ Qf7 33. Ne7+ Kf8
34. Ng6+ Kg8 35. Ne7+ Kf8 36. Ng6+ Kg8 1/2-1/2

[Event "ch-FRA Blitz Online Qual"]
[Site "Europe-Chess INT"]
[Date "2020.05.16"]
[Round "4"]
[White "Kurmann, Oliver"]
[Black "Boyer, Mahel"]
[Result "0-1"]
[WhiteTitle "IM"]
[BlackTitle "FM"]
[WhiteElo "2430"]
[BlackElo "2294"]
[WhiteFideId "1308173"]
[BlackFideId "45102422"]
[EventDate "2020.05.16"]

1. e4 Nc6 2. Nf3 d5 3. exd5 Qxd5 4. Nc3 Qh5 5. Nb5 Kd8 6. d4 Bg4 7. Be2 Bxf3 8.
gxf3 e6 9. Bf4 Rc8 10. a3 a6 11. Nc3 Nf6 12. Qd2 Bd6 13. Bg3 Ke7 14. O-O-O Rhd8
15. f4 Qa5 16. Qe3 Kf8 17. Bf3 Bxa3 18. bxa3 Qxa3+ 19. Kb1 Nb4 20. f5 Nfd5 21.
Bxd5 Rxd5 22. fxe6 Ra5 23. e7+ Ke8 0-1

[Event "ch-FRA Blitz Online Qual"]
[Site "Europe-Chess INT"]
[Date "2020.05.16"]
[Round "4"]
[White "Choukri, Adel"]
[Black "Arnaudov, G. Petar"]
[Result "1-0"]
[WhiteTitle "FM"]
[BlackTitle "GM"]
[WhiteElo "2311"]
[BlackElo "2471"]
[WhiteFideId "9000399"]
[BlackFideId "2907127"]
[EventDate "2020.05.16"]

1. e4 e5 2. Nf3 Nc6 3. Bb5 a6 4. Ba4 Nf6 5. d3 b5 6. Bb3 Bc5 7. O-O O-O 8. a4 b4
9. Nbd2 d6 10. h3 h6 11. Nc4 Re8 12. Be3 Bxe3 13. Nxe3 Be6 14. c3 bxc3 15. bxc3
Bxb3 16. Qxb3 Ne7 17. Rab1 Ng6 18. Rfe1 Nf4 19. Qc4 a5 20. Rb7 Rc8 21. Ra7 Qd7
22. Rxa5 Nxh3+ 23. gxh3 Qxh3 24. Nh2 Nh5 25. Ng2 Re6 26. Re3 1-0

[Event "ch-FRA Blitz Online Qual"]
[Site "Europe-Chess INT"]
[Date "2020.05.16"]
[Round "4"]
[White "Vedmediuc, Serghei"]
[Black "Hejazipour, Mitra"]
[Result "1-0"]
[WhiteTitle "IM"]
[BlackTitle "WGM"]
[WhiteElo "2464"]
[BlackElo "2300"]
[WhiteFideId "13900790"]
[BlackFideId "12505951"]
[EventDate "2020.05.16"]

1. e4 c5 2. Nf3 e6 3. d4 cxd4 4. Nxd4 a6 5. Bd3 Nf6 6. O-O Qc7 7. Qe2 d6 8. c4
Be7 9. Nc3 b6 10. f4 Bb7 11. g4 Nc6 12. Be3 Nd7 13. g5 Nc5 14. Bc2 Nxd4 15. Bxd4
e5 16. Be3 Ne6 17. Ba4+ Kf8 18. h4 exf4 19. Bxf4 Nxf4 20. Rxf4 Qc5+ 21. Kg2 f6
22. Raf1 Bc6 23. Bxc6 Qxc6 24. Nd5 Re8 25. gxf6 Bxf6 26. Rxf6+ gxf6 27. Rxf6+
Kg7 28. Qg4# 1-0

[Event "ch-FRA Blitz Online Qual"]
[Site "Europe-Chess INT"]
[Date "2020.05.16"]
[Round "4"]
[White "Guadalpi, David"]
[Black "Suarez Real, Alberto"]
[Result "0-1"]
[WhiteTitle "FM"]
[BlackTitle "IM"]
[WhiteElo "2272"]
[BlackElo "2448"]
[WhiteFideId "603244"]
[BlackFideId "2218534"]
[EventDate "2020.05.16"]

1. e4 c5 2. Nf3 Nc6 3. Bb5 Nf6 4. Nc3 g6 5. e5 Ng4 6. Bxc6 dxc6 7. O-O Bg7 8.
Re1 O-O 9. d3 Nh6 10. Ne4 b6 11. Bf4 Bg4 12. h3 Bxf3 13. Qxf3 Nf5 14. c3 f6 15.
exf6 exf6 16. g4 Nh6 17. Nd6 Qd7 18. Qe3 Nf7 19. Qe6 Rad8 20. Qxd7 Rxd7 21. Nxf7
Rfxf7 22. Re8+ Rf8 23. Re3 f5 24. g5 Rfd8 25. Rd1 Kf7 26. Kf1 Re8 27. Ke2 Bf8
28. Kf3 Bd6 29. Rde1 Rxe3+ 30. Rxe3 Be7 31. h4 a6 32. Be5 b5 33. Bf4 Bf8 34. Ke2
Bg7 35. Kd2 Bf8 36. Kc2 Re7 37. Kd2 Re6 38. Rxe6 Kxe6 39. Ke3 Be7 40. Bc7 Kd5
41. f3 c4 42. dxc4+ Kxc4 43. Kf4 Kd5 44. Bb6 c5 45. Ke3 c4 46. Bd4 Bd6 47. f4 a5
48. a3 b4 49. axb4 axb4 50. Bf6 b3 51. Bg7 Ba3 52. Kd2 Bxb2 53. Bf8 Ke4 54. Bd6
Kf3 55. Bb4 Kxf4 0-1

[Event "ch-FRA Blitz Online Qual"]
[Site "Europe-Chess INT"]
[Date "2020.05.16"]
[Round "4"]
[White "Polivanov, Anatoliy"]
[Black "Razafindratsima, Timothe"]
[Result "0-1"]
[WhiteTitle "IM"]
[BlackTitle "FM"]
[WhiteElo "2452"]
[BlackElo "2336"]
[WhiteFideId "14109468"]
[BlackFideId "36069884"]
[EventDate "2020.05.16"]

1. e4 c5 2. Nf3 d6 3. d4 cxd4 4. Nxd4 Nf6 5. Nc3 a6 6. g3 e5 7. Nb3 Be7 8. Bg2
O-O 9. O-O Be6 10. a4 Nbd7 11. Re1 Rc8 12. Nd2 Qc7 13. Nf1 Rfd8 14. Ne3 Bf8 15.
h3 Nc5 16. g4 h6 17. Nf5 Bxf5 18. gxf5 Qd7 19. Be3 d5 20. Nxd5 Ncxe4 21. Nxf6+
Nxf6 22. Qxd7 Rxd7 23. Rad1 Rxc2 24. Rxd7 Nxd7 25. Bxb7 a5 26. Rd1 Nc5 27. Bc6
Be7 28. Rd2 Rc4 29. Bd5 Rxa4 30. Rc2 Ra1+ 31. Kg2 Nd7 32. Rc7 Nf6 33. Bc4 Bb4
34. Rxf7 Kh7 35. Be6 a4 36. Rb7 Bd6 37. Bf7 a3 38. Bg6+ Kg8 39. bxa3 Rxa3 40.
Rb8+ Bxb8 41. Bc5 Rc3 42. Be7 e4 43. Bb4 Rc2 44. Be7 Ba7 0-1

[Event "ch-FRA Blitz Online Qual"]
[Site "Europe-Chess INT"]
[Date "2020.05.16"]
[Round "4"]
[White "Barbot, Pierre1"]
[Black "Koelsch, Gilbert"]
[Result "1-0"]
[WhiteTitle "IM"]
[BlackTitle "CM"]
[WhiteElo "2443"]
[BlackElo "2159"]
[WhiteFideId "663727"]
[BlackFideId "612243"]
[EventDate "2020.05.16"]

1. d4 Nf6 2. c4 d6 3. Nf3 g6 4. Nc3 Bg7 5. e4 O-O 6. h3 e5 7. d5 a5 8. Bg5 h6 9.
Be3 Na6 10. g4 Ne8 11. a3 Nc5 12. Nd2 Kh7 13. Qc2 f5 14. gxf5 gxf5 15. Bxc5 dxc5
16. exf5 Bxf5 17. Bd3 Nd6 18. O-O-O Kh8 19. Nde4 b6 20. Nxd6 cxd6 21. Bxf5 Qg5+
22. Kb1 Qxf5 23. Qxf5 Rxf5 24. Ne4 Bf8 25. Rhg1 Rf4 26. Rg4 Ra7 27. Rxf4 exf4
28. Rg1 Kh7 29. Nf6+ 1-0

[Event "ch-FRA Blitz Online Qual"]
[Site "Europe-Chess INT"]
[Date "2020.05.16"]
[Round "4"]
[White "Materia, Marco"]
[Black "Maze, Sebastien"]
[Result "0-1"]
[WhiteTitle "FM"]
[BlackTitle "GM"]
[WhiteElo "2269"]
[BlackElo "2557"]
[WhiteFideId "45150451"]
[BlackFideId "613762"]
[EventDate "2020.05.16"]

1. d4 Nf6 2. c4 g6 3. Nc3 Bg7 4. e4 O-O 5. Nf3 d6 6. Be2 Na6 7. Be3 e5 8. d5 Ng4
9. Bg5 f6 10. Bh4 c5 11. Nd2 Nh6 12. a3 Nf7 13. Rb1 b6 14. O-O h5 15. f3 Bh6 16.
b4 Be3+ 17. Bf2 Bxf2+ 18. Rxf2 Bd7 19. b5 Nc7 20. a4 Ne8 21. Nb3 Ng7 22. a5 f5
23. Ra1 f4 24. Rf1 g5 25. axb6 axb6 26. Rxa8 Qxa8 27. Qa1 Qb8 28. Qa6 Bc8 29.
Qa3 g4 30. Ra1 Qc7 31. Na4 Ng5 32. Kh1 Qd8 33. Qc1 Rf6 34. Nc3 gxf3 35. gxf3 Nh3
36. Ra8 Rg6 37. Qf1 Qg5 38. Ra1 Qh4 39. Nd1 Rg1+ 40. Qxg1 Nxg1 41. Kxg1 Qe1+ 42.
Bf1 Qb4 43. Nc1 Qe1 44. Nf2 Kh7 45. Nfd3 Qe3+ 46. Kg2 Bh3+ 47. Kxh3 Qxf3+ 48.
Kh4 Qg4# 0-1

[Event "ch-FRA Blitz Online Qual"]
[Site "Europe-Chess INT"]
[Date "2020.05.16"]
[Round "4"]
[White "Efimov, Igor"]
[Black "Popov, Konstantin"]
[Result "1-0"]
[WhiteTitle "GM"]
[BlackTitle "FM"]
[WhiteElo "2409"]
[BlackElo "2366"]
[WhiteFideId "806404"]
[BlackFideId "34137910"]
[EventDate "2020.05.16"]

1. d4 Nf6 2. Bg5 Ne4 3. Bf4 d5 4. e3 c5 5. Bd3 Nf6 6. c3 Nc6 7. Nd2 Qb6 8. Rb1
Bg4 9. Ngf3 e6 10. O-O Be7 11. dxc5 Qxc5 12. Qb3 O-O 13. Qxb7 Qb6 14. Qxb6 axb6
15. a3 Rfc8 16. h3 Bh5 17. Ne5 Nxe5 18. Bxe5 Nd7 19. Bg3 Nc5 20. Bc2 Bg6 21.
Bxg6 hxg6 22. Nf3 Ne4 23. Bh2 f6 24. Rfd1 Kf7 25. Nd4 e5 26. Nc2 Rd8 27. Kf1
Rac8 28. Nb4 Ke6 29. f3 Nc5 30. Ke2 Na4 31. Rd2 b5 32. Rbd1 Bxb4 33. axb4 Rc7
34. f4 Rcd7 35. fxe5 fxe5 36. Rf1 d4 37. exd4 exd4 38. Rf3 dxc3 39. Rxd7 Rxd7
40. bxc3 Rd5 41. Re3+ Kd7 42. Be5 Nb2 43. Bxg7 Kc6 44. Bd4 Nc4 45. Re6+ Rd6 46.
Rxd6+ Kxd6 47. g4 Ke6 48. h4 Nd6 49. Kd3 Kd5 50. h5 gxh5 51. gxh5 Nf5 52. Be3
Ke5 53. h6 Kf6 54. Ke4 Nd6+ 55. Kd5 Nc4 56. Bc1 Nb6+ 57. Kc6 Na4 58. Bd2 1-0

[Event "ch-FRA Blitz Online Qual"]
[Site "Europe-Chess INT"]
[Date "2020.05.16"]
[Round "4"]
[White "Muminova, Nafisa"]
[Black "Travadon, Loic"]
[Result "1-0"]
[WhiteTitle "WGM"]
[BlackTitle "IM"]
[WhiteElo "2274"]
[BlackElo "2431"]
[WhiteFideId "14201526"]
[BlackFideId "26092131"]
[EventDate "2020.05.16"]

1. d4 Nf6 2. Nc3 g6 3. e4 d6 4. Nf3 Bg7 5. Be2 O-O 6. O-O Nc6 7. d5 Nb8 8. h3 c6
9. Be3 a6 10. Qd2 cxd5 11. exd5 b5 12. a3 Bb7 13. Rad1 Nbd7 14. Bh6 Rc8 15. Bxg7
Kxg7 16. Nh2 Nb6 17. Ng4 Kg8 18. Nxf6+ exf6 19. Qd4 f5 20. g4 Re8 21. gxf5 Rxc3
22. bxc3 Rxe2 23. Rfe1 Rxe1+ 24. Rxe1 Nxd5 25. Kh2 Bc6 26. c4 bxc4 27. Qxc4 Qb6
28. Kg3 Qc5 29. Qxc5 dxc5 30. fxg6 hxg6 31. c4 Nb6 32. Re5 Na4 33. Kf4 Kg7 34.
Ke3 Kf6 35. f4 Bd7 36. h4 Be6 37. Kd3 Nb2+ 38. Kc3 Nxc4 39. Rxc5 Nb6 40. Kd4 Nd7
41. Rc6 a5 42. Ra6 Nb8 43. Ra8 Nc6+ 44. Kc5 Ne7 45. Rxa5 Kf5 46. Ra4 Nd5 47. Rd4
Nxf4 48. a4 Bb3 49. Kd6 Ne6 50. Rb4 Bd1 51. a5 Bf3 52. a6 Ng7 53. a7 Ne8+ 54.
Kd7 Nf6+ 55. Kc8 Bh1 56. Rb7 Nd5 57. Rxf7+ Ke6 58. Rf1 Be4 59. Re1 Kf5 60. Rxe4
Kxe4 61. Kb7 1-0

[Event "ch-FRA Blitz Online Qual"]
[Site "Europe-Chess INT"]
[Date "2020.05.16"]
[Round "4"]
[White "Gatineau, Yovann"]
[Black "Valles Moreno, Ivan"]
[Result "1/2-1/2"]
[WhiteTitle "FM"]
[BlackTitle "IM"]
[WhiteElo "2423"]
[BlackElo "2417"]
[WhiteFideId "26028999"]
[BlackFideId "2205688"]
[EventDate "2020.05.16"]

1. d4 Nf6 2. Bf4 d6 3. Nc3 Nbd7 4. Nf3 c5 5. e3 b6 6. h3 Bb7 7. a4 a6 8. Bc4 g6
9. O-O Bg7 10. Qe2 O-O 11. Bh2 Qc7 12. Rfd1 cxd4 13. Nxd4 Ne5 14. Bb3 Rac8 15.
Ra3 Nc4 16. Bxc4 Qxc4 17. Qxc4 Rxc4 18. Rb3 Nd7 19. Kf1 Rfc8 20. f3 Ba8 21. Bg1
Rb8 22. e4 Kf8 23. Rd2 Bh6 24. Rd1 Rcc8 25. Nd5 e5 26. Ne2 Rxc2 27. Nec3 Bc6 28.
Nb4 Rxc3 29. Rxc3 Bxa4 30. Rxd6 Nc5 31. Nd5 Bb5+ 32. Ke1 Nd3+ 33. Kd1 Nxb2+ 34.
Kc2 Nc4 35. Rxc4 Bxc4 36. Bxb6 Bxd5 37. exd5 Ke7 38. Rc6 Rb7 39. Bc5+ Kd7 40.
Rd6+ Kc8 41. Rxa6 Rc7 42. Rc6 Rxc6 43. dxc6 Kc7 44. Kd3 Kxc6 45. Bf2 f5 46. g4
Kd5 47. h4 Bf4 48. h5 e4+ 49. fxe4+ fxe4+ 50. Ke2 gxh5 51. gxh5 h6 52. Kf1 Ke5
53. Kg2 Kf5 54. Kf1 Kg4 55. Ke2 Kxh5 56. Bd4 Kg4 57. Bf6 h5 58. Kf1 h4 59. Kg2
h3+ 60. Kh1 e3 61. Bd4 Kf3 62. Bxe3 Bxe3 63. Kh2 Kg4 64. Kh1 Bf4 65. Kg1 Bc7 66.
Kh1 Kg3 67. Kg1 Bb6+ 68. Kh1 h2 1/2-1/2

[Event "ch-FRA Blitz Online Qual"]
[Site "Europe-Chess INT"]
[Date "2020.05.16"]
[Round "4"]
[White "Villegas, Pierre"]
[Black "Antao, Amory"]
[Result "1-0"]
[WhiteTitle "IM"]
[WhiteElo "2364"]
[BlackElo "2099"]
[WhiteFideId "654183"]
[BlackFideId "36049700"]
[EventDate "2020.05.16"]

1. d4 Nc6 2. c4 e5 3. d5 Nce7 4. h4 f5 5. e4 Nf6 6. Nc3 fxe4 7. g4 d6 8. g5 Bg4
9. Be2 Bxe2 10. Qxe2 Nd7 11. Nxe4 Nf5 12. Nf3 Be7 13. Bd2 b6 14. O-O-O Nc5 15.
Nxc5 bxc5 16. Qe4 Qd7 17. h5 Nd4 18. Nxd4 cxd4 19. g6 h6 20. f4 Qa4 21. fxe5
Qxc4+ 22. Kb1 O-O 23. Rc1 Qb5 24. Rxc7 Rab8 25. Bc1 Bg5 26. Qxd4 dxe5 27. Qxe5
Bf6 28. Qe6+ Kh8 29. Rh2 Rfe8 30. Qc6 Qd3+ 31. Qc2 Qxc2+ 32. Rhxc2 Rbd8 33. Rd2
Bg5 34. Rd1 Bxc1 35. Kxc1 Re2 36. d6 Kg8 37. d7 Kf8 38. Rxa7 Ke7 39. Rc7 Re5 40.
a4 Rxh5 41. b4 Rh4 42. Rb7 Rc4+ 43. Kb2 h5 44. a5 h4 45. a6 h3 46. a7 h2 47. Rb8
Rxd7 48. Rxd7+ Kxd7 49. a8=Q Rh4 50. Rd8+ Ke7 51. Re8+ Kf6 52. Qd8+ Kxg6 53.
Qxh4 1-0

[Event "ch-FRA Blitz Online Qual"]
[Site "Europe-Chess INT"]
[Date "2020.05.16"]
[Round "4"]
[White "Tokhirjonova, Gulrukhbegim"]
[Black "Bijaoui, Manuel"]
[Result "1/2-1/2"]
[WhiteTitle "WGM"]
[BlackTitle "IM"]
[WhiteElo "2378"]
[BlackElo "2411"]
[WhiteFideId "14203626"]
[BlackFideId "626783"]
[EventDate "2020.05.16"]

1. Nf3 Nf6 2. g3 g6 3. Bg2 Bg7 4. O-O O-O 5. d4 d6 6. c4 Nc6 7. Nc3 Bf5 8. h3 e5
9. dxe5 dxe5 10. Qxd8 Rfxd8 11. Bg5 e4 12. Nd2 h6 13. Bxf6 Rxd2 14. Bxg7 Kxg7
15. b3 Nd4 16. g4 Be6 17. e3 Nf3+ 18. Bxf3 exf3 19. Ne4 Re2 20. Rfd1 Re8 21. Nd2
f5 22. Nxf3 c5 23. g5 f4 24. exf4 Bxh3 25. Re1 Rxe1+ 26. Rxe1 Rxe1+ 27. Nxe1 Bf5
28. Kg2 Bb1 29. a3 Ba2 30. b4 cxb4 31. axb4 Bxc4 32. gxh6+ Kxh6 33. Kf3 Bd5+ 34.
Ke3 Kh5 35. Nd3 Kg4 36. Kd4 Bg2 37. Ke5 b6 38. Ne1 Bc6 39. Nc2 a5 40. bxa5 bxa5
41. Nd4 Be8 42. f5 gxf5 43. Nxf5 a4 44. Nd4 a3 45. Nc2 a2 46. f4 Bg6 47. Na1 Bb1
48. Nb3 Bc2 49. Na1 Bf5 50. Nb3 Bb1 51. Na1 Bf5 52. Nb3 Bg6 53. Na1 Bf5 1/2-1/2

[Event "ch-FRA Blitz Online Qual"]
[Site "Europe-Chess INT"]
[Date "2020.05.16"]
[Round "4"]
[White "Ternault, Mathieu"]
[Black "Bujisho, Benjamin"]
[Result "1-0"]
[WhiteTitle "FM"]
[BlackTitle "IM"]
[WhiteElo "2363"]
[BlackElo "2290"]
[WhiteFideId "20641532"]
[BlackFideId "608610"]
[EventDate "2020.05.16"]

1. b3 Nf6 2. Bb2 g6 3. Nf3 Bg7 4. g3 O-O 5. Bg2 c5 6. c4 Nc6 7. O-O b6 8. Ne5
Bb7 9. Nxc6 Bxc6 10. Bxc6 dxc6 11. d3 h5 12. Nd2 h4 13. Qc2 Qd7 14. Kg2 Qf5 15.
Nf3 hxg3 16. hxg3 Rfe8 17. Ne5 Rac8 18. e4 Qe6 19. f4 Ng4 20. Nxg4 Qxg4 21. Rf3
Rcd8 22. Rh1 Bxb2 23. Qxb2 Rd4 24. Rh4 Qd7 25. f5 g5 26. Rh1 f6 27. Qe2 e5 28.
Re3 Qg7 29. g4 Rd7 30. Reh3 Rf7 31. Rh6 Kf8 32. Rg6 Ke7 33. Rxg7 Rxg7 34. Rh6
Rd8 35. Qf3 Rf7 36. Qh3 a5 37. Rh7 Rf8 38. Rxf7+ Rxf7 39. Kf2 Rf8 40. Ke3 Rf7
41. a3 Rf8 42. Qh1 Rf7 43. Kd2 Rf8 44. Kc3 Rf7 45. b4 cxb4+ 46. axb4 axb4+ 47.
Kxb4 Kf8 48. Qh8+ 1-0

[Event "ch-FRA Blitz Online Qual"]
[Site "Europe-Chess INT"]
[Date "2020.05.16"]
[Round "4"]
[White "Glek, Igor"]
[Black "Kuhn, Clement"]
[Result "1-0"]
[WhiteTitle "GM"]
[BlackTitle "CM"]
[WhiteElo "2475"]
[BlackElo "2150"]
[WhiteFideId "4100484"]
[BlackFideId "36099775"]
[EventDate "2020.05.16"]

1. e4 c5 2. Nf3 Nc6 3. Bb5 g6 4. O-O Bg7 5. c3 Nf6 6. Re1 O-O 7. h3 Qb6 8. Na3
Rd8 9. Ba4 d6 10. d4 cxd4 11. cxd4 d5 12. e5 Ne4 13. Bc2 Bf5 14. g4 Be6 15. Rb1
Nb4 16. Bb3 a5 17. Be3 a4 18. Bxa4 Nxa2 19. Bb3 Nb4 20. Nh2 h6 21. h4 f6 22. f3
fxe5 23. fxe4 exd4 24. Bf2 dxe4 25. Rxe4 Bxb3 26. Qxb3+ Kh7 27. Rxe7 Qd6 28.
Rxb7 Nd5 29. Bxd4 Rd7 30. Rxd7 Qxd7 31. Bxg7 Kxg7 32. Rd1 Rd8 33. Nc4 Qc7 34.
Nf1 Qc5+ 35. Nce3 Nxe3 36. Qxe3 Qc7 37. Rxd8 Qxd8 38. Qe5+ Kh7 39. g5 h5 40. Qe3
Qd7 41. Qf2 Qg4+ 42. Kh2 Qd7 43. Ne3 Qc7+ 44. Kg2 Qb7+ 45. Kg3 Qc7+ 46. Qf4 Qb7
47. b4 Qd7 48. Qe5 Qb7 49. b5 Qd7 50. b6 Qb7 51. Qc7+ Qxc7+ 52. bxc7 Kg7 53.
c8=Q Kh7 54. Nd5 Kg7 55. Qe8 Kh7 56. Nf6+ Kg7 57. Qg8# 1-0